Normal view
MARC view
- الملكية الفكرية -- القانون الخاص -- حقوق المؤلفين -- الاردن
Entry Topical Term
001 - CONTROL NUMBER
- control field: 12707
003 - CONTROL NUMBER IDENTIFIER
- control field: JO-AjAnu
005 - DATE AND TIME OF LATEST TRANSACTION
- control field: 20230606072333.0
008 - FIXED-LENGTH DATA ELEMENTS
- fixed length control field: 230606|| aca||aabn | a|a d
040 ## - CATALOGING SOURCE
- Original cataloging agency: JO-AjAnu
- Transcribing agency: JO-AjAnu
150 ## - HEADING--TOPICAL TERM
- Topical term or geographic name entry element: الملكية الفكرية -- القانون الخاص -- حقوق المؤلفين -- الاردن
670 ## - SOURCE DATA FOUND
- Source citation: Work cat.: (JO-AjAnu)6538: هارون ، جمال , author 12706, الحماية القانونية للحق الأدبي للمؤلف في التشريع الأردني " دراسة مقارنة "